DFB Pokal Viertelfinale 2025/26 - Statistiken

Allgemein
  • Dieses Quiz wurde 71 mal gespielt
    68 seit der letzten Aktualisierung
  • Das Durchschnittsergebnis liegt bei 6 aus 8
Antwortstatistiken
Liga Verein % Korrekt
1. FC Bayern München
98%
1. Bayer 04 Leverkusen
84%
1. RB Leipzig
79%
1. VfB Stuttgart
72%
2. Hertha BSC
69%
2. Holstein Kiel
64%
1. SC Freiburg
64%
1. FC St. Pauli
57%
Keine übereinstimmenden Quizze gefunden
Verteilung der Resultate
Anzahl Personen mit jedem Resultat
Perzentil nach korrekt beantworteten Fragen
Ihre Resultats-Entwicklung
Sie haben dieses Quiz seit der letzten Aktualisierung nicht gespielt